International Seminar on Decentralization, local government institutions and resource mobilization : (Record no. 38524)
[ view plain ]
| 000 -LEADER | |
|---|---|
| fixed length control field | 01338nam a2200301 a 4500 |
| 001 - CONTROL NUMBER | |
| control field | 38524 |
| 003 - CONTROL NUMBER IDENTIFIER | |
| rucl marc code | BD-RjUL |
| 005 - DATE AND TIME OF LATEST TRANSACTION | |
| control field | 20211209052819.0 |
| 008 - FIXED-LENGTH DATA ELEMENTS--GENERAL INFORMATION | |
| fixed length control field | 190417s1985 bg b 100 0 eng d |
| 035 ## - SYSTEM CONTROL NUMBER | |
| System control number | (BD-RjUL)38629 |
| 040 ## - CATALOGING SOURCE | |
| Original cataloging agency | DLC |
| Transcribing agency | DLC |
| Modifying agency | BD-RjUL |
| Language of cataloging | eng |
| 041 ## - LANGUAGE CODE | |
| Language code of text/sound track or separate title | eng |
| 043 ## - GEOGRAPHIC AREA CODE | |
| Geographic area code | a------ |
| -- | a-bg--- |
| 082 ## - DEWEY DECIMAL CLASSIFICATION NUMBER | |
| Classification number | 352.14095492 |
| Edition number | 23 |
| Author mark and year | BAI 1985 |
| 110 1# - MAIN ENTRY--CORPORATE NAME | |
| Corporate name or jurisdiction name as entry element | Bangladesh Academy for Rural Development |
| 9 (RLIN) | 230763 |
| 245 10 - TITLE STATEMENT | |
| Title | International Seminar on Decentralization, local government institutions and resource mobilization : |
| Remainder of title | Papers presented in the seminar, January 20-23, 1985 / |
| Statement of responsibility, etc. | Bangladesh Academy for Rural Development |
| 260 ## - PUBLICATION, DISTRIBUTION, ETC. (IMPRINT) | |
| Place of publication, distribution, etc. | Comilla : |
| Name of publisher, distributor, etc. | Bangladesh Academy for Rural Development, |
| Date of publication, distribution, etc. | c1985 |
| 300 ## - PHYSICAL DESCRIPTION | |
| Pagination | Various Pagings ; |
| Size | 23 cm |
| 500 ## - GENERAL NOTE | |
| General note | "Jointly Sponsored by: Government of Bangladesh and United states Agency for International Development" |
| 504 ## - BIBLIOGRAPHY, ETC. NOTE | |
| Bibliography, etc | Includes bibliographical references |
| 650 #0 - SUBJECT ADDED ENTRY--TOPICAL TERM | |
| Topical term or geographic name as entry element | Decentralization in government |
| Geographic subdivision | Asia |
| Form subdivision | Congresses |
| 9 (RLIN) | 230764 |
| Topical term or geographic name as entry element | Decentralization in government |
| Geographic subdivision | Bangladesh |
| Form subdivision | Congresses |
| 9 (RLIN) | 230765 |
| Topical term or geographic name as entry element | Local government |
| Geographic subdivision | Asia |
| Form subdivision | Congresses |
| 9 (RLIN) | 230766 |
| Topical term or geographic name as entry element | Local government |
| Geographic subdivision | Bangladesh |
| Form subdivision | Congresses |
| 9 (RLIN) | 230767 |
| Topical term or geographic name as entry element | Rural development |
| Geographic subdivision | Asia |
| Form subdivision | Congresses |
| 9 (RLIN) | 230768 |
| Topical term or geographic name as entry element | Rural development |
| Geographic subdivision | Bangladesh |
| Form subdivision | Congresses |
| 9 (RLIN) | 230769 |
| 942 ## - ADDED ENTRY ELEMENTS (KOHA) | |
| Source of classification or shelving scheme | Dewey Decimal Classification |
| Koha item type | Rare Books |
| Lost status | Source of classification or shelving scheme | Damaged status | Not for loan | Collection code | Permanent Location | Current Location | Shelving location | Date acquired | Source of acquisition | Total Checkouts | Full call number | Date last seen | Copy number | Koha item type |
|---|---|---|---|---|---|---|---|---|---|---|---|---|---|---|
| Dewey Decimal Classification | Not For Loan | Rare Books | Central Library, University of Rajshahi | Central Library, University of Rajshahi | Rare Book Section | 16/04/2019 | BARD, Comilla | RA 352.14095492 BAI 1985 | 17/04/2019 | C-1 | Rare Books |